Normal view
MARC view
- JONES, BART.
Entry Personal Name
001 - CONTROL NUMBER
- control field: 27620
003 - CONTROL NUMBER IDENTIFIER
- control field: NUST
005 - DATE AND TIME OF LATEST TRANSACTION
- control field: 20200115161400.0
008 - FIXED-LENGTH DATA ELEMENTS
- fixed length control field: 200115|| aca||aabn | a|a d
040 ## - CATALOGING SOURCE
- Original cataloging agency: NUST
- Transcribing agency: NUST
100 ## - HEADING--PERSONAL NAME
- Personal name: JONES, BART.
670 ## - SOURCE DATA FOUND
- Source citation: Work cat.: (NUST): JONES, BART., Hugo :, 2008.
